000 00609nam a2200205Ia 4500
005 20250508165507.0
008 008 250505s9999 xx 000 0 hin d
037 _aTextual
040 _aFEDL
_beng
_cFEDL
041 _ahin
_2hin
084 _a491.430 7, NCE
_qFEDL
100 _aRastogi Krishan Gopal
_9424814
245 0 _aBhasha-samprapti nidaan aur upchaar
245 0 _cNCERT
260 _aNew Delhi, India
_bNational Council of Educational Research and Training
_c1997
300 _a127p.
365 _aINR
_b375
942 _cTEXL
_h491.430 7, NCE
999 _c1395435
_d1395435